Statistiques concernant Capitales des pays de l'Union européenne sur une carte

Cliquez ici pour prendre le quiz!

Statistiques générales

  • Ce quiz a été pris 2 686 fois
  • Le résultat moyen est 21 sur 27

Réponses sur la Carte

Les réponses sont colorées sur une échelle allant du rouge au vert en fonction du pourcentage des utilisateurs qui les ont devinées à leur premier essai. Vous pouvez retrouver ces pourcentages ci-dessous.
 

Statistiques - réponses

PaysCapitale% Correct
FranceParis
99%
EspagneMadrid
98%
AllemagneBerlin
96%
ItalieRome
96%
BelgiqueBruxelles
94%
PortugalLisbonne
94%
LuxembourgLuxembourg
93%
IrlandeDublin
91%
GrèceAthènes
88%
Pays-BasAmsterdam
87%
PologneVarsovie
80%
AutricheVienne
80%
FinlandeHelsinki
77%
HongrieBudapest
76%
RoumanieBucarest
75%
DanemarkCopenhague
75%
SuèdeStockholm
74%
MalteLa Valette
71%
BulgarieSofia
71%
CroatieZagreb
71%
TchéquiePrague
70%
LettonieRiga
60%
EstonieTallinn
58%
LituanieVilnius
54%
ChypreNicosie
53%
SlovénieLjubljana
52%
SlovaquieBratislava
48%

Distribution des résultats

Percentile par nombre de réponses

% des personnes avec chaque résultat

Votre développement - résultats

Vous n’avez pas pris ce quiz